Zborník príspevkov k Metodologickým otázkam plánovania rozvoja oblastí

Enregistré dans:
Détails bibliographiques
Format: Livre
Langue:slovaque
Publié: Bratislava Výskumný ústav oblastného plánovania 1987
Édition:1. vyd.
Tags: Ajouter un tag
Pas de tags, Soyez le premier à ajouter un tag!

MARC

LEADER 00000nam a2200000 4500
001 c024082
005 20221219095626.2
041 0 |a slo 
044 |a SK 
245 1 0 |a Zborník príspevkov k Metodologickým otázkam plánovania rozvoja oblastí 
250 |a 1. vyd. 
264 1 |a Bratislava  |b Výskumný ústav oblastného plánovania  |c 1987 
300 |a 210 s.